| 000 | 01180aam a2200421a 44500 | ||
|---|---|---|---|
| 008 | 981228s1998 cat | ||
| 017 | _aB-45384-1998 | ||
| 020 | _a8472834239 | ||
| 041 | _acat | ||
| 041 | _beng | ||
| 041 | _bfre | ||
| 041 | _bspa | ||
| 080 | _a632(038) | ||
| 100 |
_aBarberà, Claudi _967689 |
||
| 245 |
_aLèxic de les plagues i malalties dels conreus de Catalunya _cClaudi Barberà |
||
| 260 |
_aBarcelona _bInstitució Catalana d'Estudis Agraris _c1998 |
||
| 300 |
_a117 p. _c23 cm |
||
| 365 | _b1.000 | ||
| 365 | _cptes | ||
| 500 | _aCategoria gramatical, sinònims, remissions, notes, nom científic | ||
| 500 | _aÍndexs. Bibliografia | ||
| 500 | _btermcat | ||
| 520 | _a971 | ||
| 546 | _acatalà | ||
| 591 | _a5706 | ||
| 592 | _aObra terminològica | ||
| 593 | _aFE | ||
| 594 | _a5706 | ||
| 650 |
_afitopatologia _961371 |
||
| 650 |
_amalalties de les plantes _964727 |
||
| 856 | _uhttps://cit.iec.cat/LEXPLAG/default.asp?opcio=1 | ||
| 901 | _c<1998> | ||
| 902 | _a981228 | ||
| 942 |
_cMO _n0 _2ddc |
||
| 999 |
_c56533 _d56533 |
||